<?xml version="1.0" encoding="UTF-8"?>
<record
    xmlns:xsi="http://www.w3.org/2001/XMLSchema-instance"
    xsi:schemaLocation="http://www.loc.gov/MARC21/slim http://www.loc.gov/standards/marcxml/schema/MARC21slim.xsd"
    xmlns="http://www.loc.gov/MARC21/slim">

  <leader>01969nam0a22003851  4500</leader>
  <controlfield tag="001">v19\rc\1720165</controlfield>
  <controlfield tag="005">20250619040606.0</controlfield>
  <datafield tag="035" ind1=" " ind2=" ">
    <subfield code="a">(NLR Aleph) 004818032</subfield>
  </datafield>
  <datafield tag="090" ind1=" " ind2=" ">
    <subfield code="a">4991498</subfield>
    <subfield code="c">4991498</subfield>
  </datafield>
  <datafield tag="100" ind1=" " ind2=" ">
    <subfield code="a">20061002d1900    |||y0rusy50      ca</subfield>
  </datafield>
  <datafield tag="101" ind1="1" ind2=" ">
    <subfield code="a">rus</subfield>
    <subfield code="c">eng</subfield>
  </datafield>
  <datafield tag="102" ind1=" " ind2=" ">
    <subfield code="a">RU</subfield>
  </datafield>
  <datafield tag="105" ind1=" " ind2=" ">
    <subfield code="a">y   z   |||||</subfield>
  </datafield>
  <datafield tag="200" ind1="1" ind2=" ">
    <subfield code="a">&#x420;&#x443;&#x43A;&#x43E;&#x432;&#x43E;&#x434;&#x441;&#x442;&#x432;&#x43E; &#x43A; &#x43B;&#x435;&#x447;&#x435;&#x43D;&#x438;&#x44E; &#x431;&#x43E;&#x43B;&#x435;&#x437;&#x43D;&#x435;&#x439; &#x43F;&#x43E; &#x441;&#x43F;&#x43E;&#x441;&#x43E;&#x431;&#x443; &#x413;&#x430;&#x43D;&#x435;&#x43C;&#x430;&#x43D;&#x430;</subfield>
    <subfield code="f">[&#x421;&#x43E;&#x447;.] &#x414;-&#x440;&#x430; &#x420;&#x438;&#x447;&#x430;&#x440;&#x434;&#x430; &#x42E;&#x437;&#x430;</subfield>
    <subfield code="g">&#x41F;&#x435;&#x440;. &#x441;&#x43E; 2 &#x430;&#x43D;&#x433;&#x43B;. &#x438;&#x437;&#x434;. &#x434;-&#x440;&#x430; &#x43C;&#x435;&#x434;. &#x412;. &#x414;&#x438;&#x442;&#x43C;&#x430;&#x43D;&#x430;, &#x43F;&#x43E;&#x434; &#x440;&#x435;&#x434;. [&#x438; &#x441; &#x43F;&#x440;&#x435;&#x434;&#x438;&#x441;&#x43B;.] &#x434;-&#x440;&#x430; &#x43C;&#x435;&#x434;. &#x41B;. &#x411;&#x440;&#x430;&#x437;&#x43E;&#x43B;&#x44F;</subfield>
  </datafield>
  <datafield tag="210" ind1=" " ind2=" ">
    <subfield code="a">&#x421;&#x430;&#x43D;&#x43A;&#x442;-&#x41F;&#x435;&#x442;&#x435;&#x440;&#x431;&#x443;&#x440;&#x433;</subfield>
    <subfield code="c">&#x421;.-&#x41F;&#x435;&#x442;&#x435;&#x440;&#x431;. &#x43E;-&#x432;&#x43E; &#x432;&#x440;&#x430;&#x447;&#x435;&#x439; &#x433;&#x43E;&#x43C;&#x435;&#x43E;&#x43F;&#x430;&#x442;&#x43E;&#x432;</subfield>
    <subfield code="d">1900</subfield>
  </datafield>
  <datafield tag="215" ind1=" " ind2=" ">
    <subfield code="a">XVIII, 616 &#x441;.</subfield>
    <subfield code="d">22</subfield>
  </datafield>
  <datafield tag="300" ind1=" " ind2=" ">
    <subfield code="a">&#x417;&#x430;&#x433;&#x43B;. &#x43E;&#x440;&#x438;&#x433;&#x438;&#x43D;&#x430;&#x43B;&#x430;: Therapeutics of the method of Hahnemann</subfield>
  </datafield>
  <datafield tag="300" ind1=" " ind2=" ">
    <subfield code="a">&#x41F;&#x435;&#x440;. &#x442;&#x430;&#x43A;&#x436;&#x435; &#x43F;&#x43E;&#x434; &#x437;&#x430;&#x433;&#x43B;.: &#x420;&#x443;&#x43A;&#x43E;&#x432;&#x43E;&#x434;&#x441;&#x442;&#x432;&#x43E; &#x43A; &#x442;&#x435;&#x440;&#x430;&#x43F;&#x435;&#x432;&#x442;&#x438;&#x43A;&#x435; &#x43F;&#x43E; &#x433;&#x43E;&#x43C;&#x435;&#x43E;&#x43F;&#x430;&#x442;&#x438;&#x447;&#x435;&#x441;&#x43A;&#x43E;&#x439; &#x43C;&#x435;&#x442;&#x43E;&#x434;&#x435; &#x413;&#x430;&#x43D;&#x435;&#x43C;&#x430;&#x43D;&#x430;</subfield>
  </datafield>
  <datafield tag="451" ind1=" " ind2="0">
    <subfield code="1">2001#$a&#x420;&#x443;&#x43A;&#x43E;&#x432;&#x43E;&#x434;&#x441;&#x442;&#x432;&#x43E; &#x43A; &#x442;&#x435;&#x440;&#x430;&#x43F;&#x435;&#x432;&#x442;&#x438;&#x43A;&#x435; &#x43F;&#x43E; &#x433;&#x43E;&#x43C;&#x435;&#x43E;&#x43F;&#x430;&#x442;&#x438;&#x447;&#x435;&#x441;&#x43A;&#x43E;&#x439; &#x43C;&#x435;&#x442;&#x43E;&#x434;&#x435; &#x413;&#x430;&#x43D;&#x435;&#x43C;&#x430;&#x43D;&#x430;</subfield>
    <subfield code="t">&#x420;&#x443;&#x43A;&#x43E;&#x432;&#x43E;&#x434;&#x441;&#x442;&#x432;&#x43E; &#x43A; &#x442;&#x435;&#x440;&#x430;&#x43F;&#x435;&#x432;&#x442;&#x438;&#x43A;&#x435; &#x43F;&#x43E; &#x433;&#x43E;&#x43C;&#x435;&#x43E;&#x43F;&#x430;&#x442;&#x438;&#x447;&#x435;&#x441;&#x43A;&#x43E;&#x439; &#x43C;&#x435;&#x442;&#x43E;&#x434;&#x435; &#x413;&#x430;&#x43D;&#x435;&#x43C;&#x430;&#x43D;&#x430;</subfield>
  </datafield>
  <datafield tag="454" ind1=" " ind2="0">
    <subfield code="1">2001#$aTherapeutics of the method of Hahnemann</subfield>
    <subfield code="t">Therapeutics of the method of Hahnemann</subfield>
  </datafield>
  <datafield tag="700" ind1=" " ind2="1">
    <subfield code="a">&#x42E;&#x437;</subfield>
    <subfield code="b">&#x420;.</subfield>
    <subfield code="f">1836-1902</subfield>
    <subfield code="g">&#x420;&#x438;&#x447;&#x430;&#x440;&#x434;</subfield>
  </datafield>
  <datafield tag="702" ind1=" " ind2="1">
    <subfield code="a">&#x414;&#x438;&#x442;&#x43C;&#x430;&#x43D;</subfield>
    <subfield code="b">&#x412;.&#x410;.</subfield>
    <subfield code="f">1843-</subfield>
    <subfield code="g">&#x412;&#x43B;&#x430;&#x434;&#x438;&#x43C;&#x438;&#x440; &#x410;&#x43B;&#x435;&#x43A;&#x441;&#x430;&#x43D;&#x434;&#x440;&#x43E;&#x432;&#x438;&#x447;</subfield>
    <subfield code="4">730</subfield>
  </datafield>
  <datafield tag="702" ind1=" " ind2="1">
    <subfield code="a">&#x411;&#x440;&#x430;&#x437;&#x43E;&#x43B;&#x44C;</subfield>
    <subfield code="b">&#x41B;.&#x415;.</subfield>
    <subfield code="f">1854-</subfield>
    <subfield code="g">&#x41B;&#x435;&#x432; &#x415;&#x432;&#x433;&#x435;&#x43D;&#x44C;&#x435;&#x432;&#x438;&#x447;</subfield>
    <subfield code="4">340</subfield>
    <subfield code="4">080</subfield>
  </datafield>
  <datafield tag="702" ind1=" " ind2="1">
    <subfield code="a">&#x413;&#x430;&#x43D;&#x435;&#x43C;&#x430;&#x43D;</subfield>
    <subfield code="b">&#x421;.</subfield>
    <subfield code="f">1755-1843</subfield>
    <subfield code="g">&#x421;&#x430;&#x43C;&#x443;&#x44D;&#x43B;&#x44C;</subfield>
    <subfield code="4">570</subfield>
  </datafield>
  <datafield tag="801" ind1=" " ind2="0">
    <subfield code="a">RU</subfield>
    <subfield code="b">NLR</subfield>
    <subfield code="g">psbo</subfield>
  </datafield>
  <datafield tag="801" ind1=" " ind2="0">
    <subfield code="a">RU</subfield>
    <subfield code="b">RuMoRGB</subfield>
    <subfield code="2">psbo</subfield>
  </datafield>
  <datafield tag="801" ind1=" " ind2="1">
    <subfield code="a">RU</subfield>
    <subfield code="b">ProSoft-M</subfield>
    <subfield code="2">rusmarc</subfield>
  </datafield>
  <datafield tag="852" ind1=" " ind2=" ">
    <subfield code="a">NLR</subfield>
    <subfield code="j">20.72.3.30</subfield>
  </datafield>
  <datafield tag="852" ind1=" " ind2=" ">
    <subfield code="a">NLR</subfield>
    <subfield code="j">130/3386</subfield>
  </datafield>
  <datafield tag="852" ind1=" " ind2=" ">
    <subfield code="a">NLR</subfield>
    <subfield code="b">&#x41C;&#x444;</subfield>
    <subfield code="j">&#x41A;1/5413</subfield>
  </datafield>
  <datafield tag="899" ind1=" " ind2=" ">
    <subfield code="a">RuMoRGB</subfield>
    <subfield code="j">D 47/381</subfield>
  </datafield>
  <datafield tag="899" ind1=" " ind2=" ">
    <subfield code="a">RuMoRGB</subfield>
    <subfield code="j">S 38/505</subfield>
  </datafield>
  <datafield tag="899" ind1=" " ind2=" ">
    <subfield code="a">&#x411;&#x410;&#x41D;</subfield>
  </datafield>
  <datafield tag="942" ind1=" " ind2=" ">
    <subfield code="c">BOOK</subfield>
  </datafield>
  <datafield tag="980" ind1=" " ind2=" ">
    <subfield code="a">NB</subfield>
  </datafield>
  <datafield tag="995" ind1=" " ind2=" ">
    <subfield code="5">2013-10-26</subfield>
    <subfield code="b">NLR02</subfield>
    <subfield code="c">NLR02</subfield>
    <subfield code="e">RFS</subfield>
    <subfield code="f">4818032-10</subfield>
    <subfield code="k">20.72.3.30</subfield>
    <subfield code="o">0</subfield>
    <subfield code="r">BOOK</subfield>
    <subfield code="s">2072330_</subfield>
  </datafield>
  <datafield tag="995" ind1=" " ind2=" ">
    <subfield code="5">2013-10-26</subfield>
    <subfield code="b">NLR02</subfield>
    <subfield code="c">NLR02</subfield>
    <subfield code="e">RFS</subfield>
    <subfield code="f">4818032-20</subfield>
    <subfield code="k">130/3386</subfield>
    <subfield code="o">0</subfield>
    <subfield code="r">BOOK</subfield>
    <subfield code="s">1303386_</subfield>
  </datafield>
  <datafield tag="995" ind1=" " ind2=" ">
    <subfield code="5">2013-10-26</subfield>
    <subfield code="b">NLR01</subfield>
    <subfield code="c">NLR01</subfield>
    <subfield code="e">FM</subfield>
    <subfield code="f">4818032-30</subfield>
    <subfield code="k">&#x41C;&#x444; &#x41A;1/5413</subfield>
    <subfield code="o">0</subfield>
    <subfield code="r">BOOK</subfield>
    <subfield code="s">_15413</subfield>
  </datafield>
  <datafield tag="995" ind1=" " ind2=" ">
    <subfield code="5">2013-10-26</subfield>
    <subfield code="b">NLR01</subfield>
    <subfield code="c">NLR01</subfield>
    <subfield code="e">TEMP</subfield>
    <subfield code="f">4818032-60</subfield>
    <subfield code="o">0</subfield>
    <subfield code="r">BOOK</subfield>
  </datafield>
</record>
